书目信息 |
| 题名: |
现代流行歌曲、轻歌曲和群众歌曲
|
|
| 作者: | 薛范 编 | |
| 分册: | 第3册 | |
| 出版信息: | 北京 人民音乐出版社 2006 |
|
| 页数: | 235页 | |
| 开本: | 30cm | |
| 丛书名: | 世界通俗合唱珍品集 | |
| 单 册: | ||
| 中图分类: | J652.53 | |
| 科图分类: | ||
| 主题词: | 合唱--歌曲--世界--选集 , 流行歌曲--世界--现代--选集 , 合唱 , 歌曲 , 群众歌曲--世界--现代--选集 , 群众歌曲 , 流行歌曲 | |
| 电子资源: | ||
| ISBN: | 7-103-03014-6 | |
| 000 | 01047nam0 2200313 450 | |
| 001 | 010040036643 | |
| 005 | 20070806094010.01 | |
| 010 | @a7-103-03014-6@dCNY31.00 | |
| 100 | @a20060614d2006 em y0chiy0110 ea | |
| 101 | 0 | @achi |
| 102 | @aCN@b110000 | |
| 105 | @ag z 000yy | |
| 200 | 1 | @a现代流行歌曲、轻歌曲和群众歌曲@Axian dai liu xing ge qu、qing ge qu he qun zhong ge qu@9shi jie tong su he chang zhen pin ji@h第3册@f薛范编 |
| 210 | @a北京@c人民音乐出版社@d2006 | |
| 215 | @a235页@d30cm | |
| 225 | 2 | @a世界通俗合唱珍品集@e简谱版 |
| 330 | @a本书精选了现代流行歌曲、轻歌曲和群众歌曲66首,包括:昨天、我将追随他、黎明时分、爱情是蓝色的、小雪花、海港之夜等。 | |
| 410 | 0 | @12001 @a世界通俗合唱珍品集 |
| 606 | 0 | @a合唱@x歌曲@y世界@j选集 |
| 606 | 0 | @a流行歌曲@y世界@z现代@j选集 |
| 606 | 0 | @a合唱 |
| 606 | 0 | @a歌曲 |
| 606 | 0 | @a群众歌曲@y世界@z现代@j选集 |
| 606 | 0 | @a群众歌曲 |
| 606 | 0 | @a流行歌曲 |
| 690 | @aJ652.53@v4 | |
| 701 | 0 | @a薛范@9xue fan@4编 |
| 801 | 0 | @aCN@bRENTIAN@c20070806 |
| 905 | @a10447@dJ652.1@e424:3 | |
| 现代流行歌曲、轻歌曲和群众歌曲.第3册/薛范编.-北京:人民音乐出版社,2006 |
| 235页;30cm.-(世界通俗合唱珍品集:简谱版) |
| ISBN 7-103-03014-6:CNY31.00 |
| 本书精选了现代流行歌曲、轻歌曲和群众歌曲66首,包括:昨天、我将追随他、黎明时分、爱情是蓝色的、小雪花、海港之夜等。 |
| ● |
| 相关链接 |
|
|
|
|
正题名:现代流行歌曲、轻歌曲和群众歌曲
索取号:J652.1/424:3
 
预约/预借
| 序号 | 登录号 | 条形码 | 馆藏地/架位号 | 状态 | 备注 |
| 1 | 0807014 | 208070148 | 第一样本阅览室/ [索取号:J652.1/424:3] | 在馆 | |
| 2 | 0807015 | 208070157 | 第一借阅区/ [索取号:J652.1/424:3] | 在馆 | |
| 3 | 0807016 | 208070166 | 第一借阅区/ [索取号:J652.1/424:3] | 在馆 | |
| 4 | 0807017 | 208070175 | 第一借阅区/ [索取号:J652.1/424:3] | 在馆 | |
| 5 | 0807018 | 208070184 | 密集书库-音乐系/ [索取号:J652.1/424:3] | 在馆 |